Albums de Martine - Statistiques

Statistiques générales
  • Ce quiz a été pris 379 fois
  • Le résultat moyen est 16 sur 60
Statistiques - réponses
Numéro Album % Correct
[3] - (1956) Martine à la mer
83%
[34] - (1984) Martine à l'école
82%
[8] - (1959) Martine à la montagne
67%
[1] - (1954) Martine à la ferme
64%
[32] - (1982) Martine fête maman
51%
[16] - (1966) Martine monte à cheval
50%
[24] - (1974) Martine fait la cuisine
49%
[36] - (1986) Martine a perdu son chien
48%
[58] - (2008) Martine et un chien du tonnerre
48%
[15] - (1965) Martine en avion
43%
[13] - (1963) Martine au zoo
41%
[10] - (1961) Martine en bateau
39%
[28] - (1978) Martine prend le train
38%
[4] - (1956) Martine au cirque
37%
[26] - (1976) Martine est malade
37%
[18] - (1968) Martine petite maman
37%
[53] - (2003) Martine, l'arche de Noé
36%
[19] - (1969) Martine fête son anniversaire
35%
[37] - (1987) Martine dans la forêt
32%
[17] - (1967) Martine au parc
31%
[22] - (1972) Martine petit rat de l'opéra
30%
[23] - (1973) Martine à la fête des fleurs
29%
[2] - (1954) Martine en voyage
29%
[7] - (1959) Martine fait du théâtre
28%
[14] - (1964) Martine fait ses courses
28%
[57] - (2007) Martine, j’adore mon frère
28%
[12] - (1963) Martine à la maison
27%
[21] - (1971) Martine fait de la bicyclette
26%
[20] - (1970) Martine embellit son jardin
25%
[41] - (1991) Martine, la nuit de Noël
25%
[9] - (1960) Martine fait du camping
23%
[43] - (1993) Martine se déguise
23%
[25] - (1975) Martine apprend à nager
22%
[35] - (1985) Martine découvre la musique
21%
[6] - (1958) Martine à la foire
16%
[11] - (1962) Martine et les 4 saisons
16%
[49] - (1999) Martine, la leçon de dessin
16%
[39] - (1989) Martine a une étrange voisine
15%
[33] - (1983) Martine en montgolfière
15%
[29] - (1979) Martine fait de la voile
15%
[46] - (1996) Martine, l'accident
15%
[27] - (1977) Martine chez tante Lucie
14%
[31] - (1981) Martine et l'âne Cadichon
14%
[44] - (1994) Martine et le chaton vagabond
14%
[56] - (2006) Martine, un amour de poney
13%
[47] - (1997) Martine baby-sitter
12%
[38] - (1988) Martine et le cadeau d'anniversaire
12%
[55] - (2005) Martine, drôles de fantômes !
11%
[48] - (1998) Martine en classe de découverte
11%
[60] - (2010) Martine et le prince mystérieux
11%
[51] - (2001) Martine et les marmitons
11%
[45] - (1995) Martine, il court, il court, le furet !
10%
[40] - (1990) Martine, un mercredi pas comme les autres
10%
[50] - (2000) Martine au pays des contes
9%
[30] - (1980) Martine et son ami le moineau
9%
[42] - (1992) Martine va déménager
9%
[5] - (1957) Martine, vive la rentrée!
9%
[54] - (2004) Martine, princesses et chevaliers
8%
[59] - (2009) Martine protège la nature
7%
[52] - (2002) Martine, la surprise
6%
Aucun quiz correspondant
Distribution des résultats
% des personnes avec chaque résultat
Percentile par nombre de réponses
Votre historique - résultats
Vous n’avez pas pris ce quiz